00429nam a22001577a 450000500170000001000150001702000300003203500140006203700130007608200100008910000220009924500460012126000410016727000430020830000200025120230317152332.0 aENG-135604 c450.00a978-93-90569-62-5 aEN-119136 bDBAD/PUB a248.4 aFlossy Molly Lobo aPresence-solidarity /bBy Foss molly lobo c2021bTheological PublicationaDelhi aP.O.1585, Kashmiri GatebDelhie110006 a363pc23cm(pbk)